Donaldson`s retail research spotlight. - 1st quarter 1999 - 4th quarter 1999. (Record no. 100320)

MARC details
000 -LEADER
fixed length control field 00665cam a2200241 4500
001 - CONTROL NUMBER
control field J59031
008 - FIXED-LENGTH DATA ELEMENTS--GENERAL INFORMATION
fixed length control field 000000n2000 000 0 eng u
035 ## - SYSTEM CONTROL NUMBER
System control number (Sirsi) u105020
041 ## - LANGUAGE CODE
Language code of text/sound track or separate title eng
050 ## - LIBRARY OF CONGRESS CALL NUMBER
Classification number 333.337
110 ## - MAIN ENTRY--CORPORATE NAME
Corporate name or jurisdiction name as entry element Donaldsons
9 (RLIN) 3333
245 ## - TITLE STATEMENT
Title Donaldson`s retail research spotlight. - 1st quarter 1999 - 4th quarter 1999.
260 ## - PUBLICATION, DISTRIBUTION, ETC.
Place of publication, distribution, etc. London
Name of publisher, distributor, etc. Donaldsons
Date of publication, distribution, etc. 1999-2000
300 ## - PHYSICAL DESCRIPTION
Extent 4 pt. ; 30cm.
520 ## - SUMMARY, ETC.
Summary, etc. Published quarterly
650 ## - SUBJECT ADDED ENTRY--TOPICAL TERM
Topical term or geographic name entry element PROPERTY INVESTMENT
650 ## - SUBJECT ADDED ENTRY--TOPICAL TERM
Topical term or geographic name entry element RENT
650 ## - SUBJECT ADDED ENTRY--TOPICAL TERM
Topical term or geographic name entry element RENTAL GROWTH
650 ## - SUBJECT ADDED ENTRY--TOPICAL TERM
Topical term or geographic name entry element RETAIL PROPERTY
650 ## - SUBJECT ADDED ENTRY--TOPICAL TERM
Topical term or geographic name entry element YIELDS
690 ## - LOCAL SUBJECT ADDED ENTRY--TOPICAL TERM (OCLC, RLIN)
Topical term or geographic name as entry element PROPERTY-COMMERCIAL PROPERTY-RETAIL PROPERTY
942 ## - ADDED ENTRY ELEMENTS (KOHA)
Suppress in OPAC 0
Holdings
Withdrawn status Lost status Source of classification or shelving scheme Damaged status Not for loan Home library Current library Shelving location Date acquired Total Checkouts Full call number Barcode Date last seen Copy number Price effective from Koha item type Date last checked out
    Dewey Decimal Classification     London London Property market reports 23/03/2000   PROPERTY MARKET REPORTS 30059031 06/08/2019 1 06/08/2019 Book  
    Dewey Decimal Classification     London London Property market reports 23/03/2000   PROPERTY MARKET REPORTS 30059378 06/08/2019 2 06/08/2019 Book  
    Dewey Decimal Classification     London London Property market reports 23/03/2000   PROPERTY MARKET REPORTS 30060667 06/08/2019 3 06/08/2019 Book  
    Dewey Decimal Classification     London London Property market reports 23/03/2000 2 PROPERTY MARKET REPORTS 30060805 06/08/2019 4 06/08/2019 Book 30/08/2000